Hogwarts Ancient Runes Exam Quiz Stats

 Plays Quiz Updated Jul 6, 2017

     
Support Sporcle.
Go Orange.
Score 0/53 Timer 15:00
1 Play Today
% Correct
THE
97%
THE
97%
THE
97%
THE
97%
OF
87.3%
OF
87.3%
OF
87.3%
OF
87.3%
IS
84.7%
IN
83.2%
AND
83%
AND
83%
ON
80.9%
FOR
80.5%
FOR
80.5%
HIS
79%
HIS
79%
HIS
79%
WIZARD
73.2%
WIZARD
73.2%
BY
72.3%
DUMBLEDORE
71.8%
DUMBLEDORE
71.8%
DARK
69.9%
WITH
67.1%
NINETEEN
66.7%
FORTY
65.1%
% Correct
FIVE,
64.9%
DEFEAT
64.9%
MANY
64.3%
TIMES,
64%
GREATEST
62.6%
MODERN
61.7%
WORK
61.4%
GRINDELWALD
60.9%
BLOOD,
60.4%
CONSIDERED
60%
FAMOUS
59.1%
USES
59.1%
DRAGON'S
58.5%
TWELVE
57.1%
FLAMEL.
56.1%
DISCOVERY
56%
NICOLAS
54.9%
PARTNER,
53.4%
ALCHEMY
52.6%
PROFESSOR
50.2%
CHAMBER
49.5%
PARTICULARLY
48.8%
TENPIN
48.3%
BOWLING.
47.5%
MUSIC
47.4%
ENJOYS
47.2%

From the Vault

Clickety Spit!

by MSUKent

Don't worry - this is perfectly hygienic.
Remove Ads.
Support Sporcle.
Get the best of Sporcle when you Go Orange. This ad-free experience offers more features, more stats, and more fun while also helping to support Sporcle. Thank you for becoming a member.

Show Comments

Extras

Top Quizzes Today


Score Distribution

Your Account Isn't Verified!

In order to create a playlist on Sporcle, you need to verify the email address you used during registration. Go to your Sporcle Settings to finish the process.

Report this User

Report this user for behavior that violates our Community Guidelines.

Details: